[Event "Borisoglebsk Bocharov Memorial"]
[Site "Borisoglebsk"]
[Date "2011.04.03"]
[Round "?"]
[White "Chuprikov, Dmitry"]
[Black "Skvortsov, Alexandr L"]
[Result "1/2-1/2"]
[WhiteElo "2406"]
[BlackElo "2282"]
[PlyCount "148"]
[EventDate "2011.03.31"]
[EventType "swiss"]
[EventRounds "9"]
[EventCountry "RUS"]
[SourceTitle "CBM 141 Extra"]
[Source "ChessBase"]
[SourceDate "2011.05.03"]
[SourceVersion "1"]
[SourceVersionDate "2011.05.03"]
[SourceQuality "1"]

1. e4 c5 2. Nc3 Nc6 3. g3 g6 4. d3 Bg7 5. Bg2 d6 6. Bg5 Rb8 7. Nge2 b5 8. Qc1 b4 9. Nd1 Nd4 10. Nxd4 cxd4 11. b3 Nf6 12. 0-0 0-0 13. a3 a5 14. Nb2 Be6 15. axb4 axb4 16. Qd2 Nd7 17. f4 f6 18. Bh4 Bf7 19. g4 Bh6 20. Bg3 e5 21. Ra7 Be6 22. h3 Nc5 23. Rfa1 Rf7 24. g5 exf4 25. gxh6 fxg3 26. Qf4 Qb6 27. Ra8 Rff8 28. Rxb8 Qxb8 29. Qxg3 Nd7 30. Ra4 Ne5 31. Qf2 Bc8 32. Ra1 Qb6 33. Nc4 Nxc4 34. dxc4 Qc5 35. Rd1 Qg5 36. Qxd4 Qxh6 37. Rd3 Qc1+ 38. Kh2 Qf4+ 39. Kh1 Qc1+ 40. Rd1 Qxc2 41. Qxd6 Qc3 42. Rd3 Qa1+ 43. Kh2 Kg7 44. Qc7+ Kh6 45. Qe7 Qe5+ 46. Qxe5 fxe5 47. Kg3 Bb7 48. Rd7 Ba8 49. Ra7 Rd8 50. Bf3 Bc6 51. Ra6 Bb7 52. Rb6 Ba8 53. Rxb4 Rd4 54. Rb5 Bxe4 55. Rxe5 Bc2 56. Re3 Bxb3 57. Rxb3 Rxc4 58. Rb7 Rc3 59. Kf4 Rc4+ 60. Kg3 Rc3 61. Re7 Ra3 62. Kg4 Ra4+ 63. Be4 Rb4 64. h4 Rb5 65. Rd7 Rb4 66. Kf4 Rb5 67. Bd5 Rb4+ 68. Kg3 Rd4 69. Kf3 Rxh4 70. Bg8 Kg5 71. Bxh7 Rf4+ 72. Ke3 Rf8 73. Rd6 Rh8 74. Rxg6+ Kh5 1/2-1/2

[Event "Borisoglebsk Bocharov Memorial"]
[Site "Borisoglebsk"]
[Date "2011.04.03"]
[Round "?"]
[White "Skvortsov, Alexandr L"]
[Black "Zemlyansky, Dmitri"]
[Result "0-1"]
[WhiteElo "2282"]
[BlackElo "2292"]
[PlyCount "138"]
[EventDate "2011.03.31"]
[EventType "swiss"]
[EventRounds "9"]
[EventCountry "RUS"]
[SourceTitle "CBM 141 Extra"]
[Source "ChessBase"]
[SourceDate "2011.05.03"]
[SourceVersion "1"]
[SourceVersionDate "2011.05.03"]
[SourceQuality "1"]

1. e4 c5 2. Nf3 g6 3. Nc3 Bg7 4. g3 Nc6 5. Bg2 d6 6. 0-0 Bg4 7. h3 Bxf3 8. Bxf3 Nf6 9. d3 0-0 10. Bg2 Rb8 11. f4 Nd7 12. Be3 Nd4 13. Qd2 b5 14. g4 a5 15. Rae1 a4 16. Nd1 b4 17. Rf2 b3 18. axb3 axb3 19. c3 Nc2 20. Ref1 Ra8 21. e5 Ra6 22. exd6 Rxd6 23. Qe2 Nxe3 24. Nxe3 Nf6 25. Rd1 Qd7 26. Nc4 Re6 27. Qf3 Qc7 28. Rff1 Ra6 29. Ra1 Qa7 30. Rxa6 Qxa6 31. Re1 e6 32. Qf2 Nd5 33. f5 Qa7 34. Qg3 Qe7 35. Qf3 Qc7 36. Rf1 g5 37. Nd2 Nf4 38. Ne4 Qe7 39. Qe3 exf5 40. gxf5 Rc8 41. Rxf4 gxf4 42. Qxf4 Qe5 43. Qh4 f6 44. Nf2 Qxf5 45. Qc4+ Kh8 46. Qxb3 Bh6 47. Ng4 Bg7 48. Qb7 Rf8 49. Nf2 Qf4 50. Qe7 Qc1+ 51. Bf1 f5 52. Qe2 Rg8 53. Kh1 Qf4 54. Nd1 Be5 55. Qf2 Qxf2 56. Nxf2 Bg3 57. Nd1 Re8 58. Kg2 Re1 59. Nf2 Bxf2 60. Kxf2 Rb1 61. d4 cxd4 62. cxd4 Kg7 63. Bd3 Rxb2+ 64. Ke3 Kf6 65. Bc4 h6 66. Bd3 Rb3 67. Kd2 Ra3 68. Ke2 Ra1 69. Kf2 Rd1 0-1

[Event "Borisoglebsk Bocharov Memorial"]
[Site "Borisoglebsk"]
[Date "2011.04.02"]
[Round "?"]
[White "Skvortsov, Alexandr L"]
[Black "Ajrapetian, Nikita"]
[Result "1-0"]
[WhiteElo "2282"]
[BlackElo "2064"]
[PlyCount "25"]
[EventDate "2011.03.31"]
[EventType "swiss"]
[EventRounds "9"]
[EventCountry "RUS"]
[SourceTitle "CBM 141 Extra"]
[Source "ChessBase"]
[SourceDate "2011.05.03"]
[SourceVersion "1"]
[SourceVersionDate "2011.05.03"]
[SourceQuality "1"]

1. d4 Nf6 2. Bg5 d5 3. Nd2 Bf5 4. c3 e6 5. Ngf3 Be7 6. e3 0-0 7. Be2 Nbd7 8. 0-0 b6 9. Nh4 Bg6 10. Nxg6 hxg6 11. e4 e5 12. dxe5 Nxe5 13. f4 1-0

[Event "RUS-ch sf"]
[Site "Novosibirsk"]
[Date "1999.??.??"]
[Round "7"]
[White "Skvortsov, Alexandr L"]
[Black "Korniushin, Nikolay"]
[Result "0-1"]
[WhiteElo "2335"]
[BlackElo "2428"]
[PlyCount "44"]
[EventDate "1999.??.??"]
[EventType "swiss"]
[EventRounds "9"]
[EventCountry "RUS"]
[SourceTitle "EXT 2000"]
[Source "ChessBase"]
[SourceDate "1999.11.16"]
[SourceVersion "1"]
[SourceVersionDate "1999.11.16"]
[SourceQuality "1"]

1. e4 e6 2. d4 d5 3. Nd2 Nf6 4. e5 Nfd7 5. f4 c5 6. c3 Nc6 7. Ngf3 cxd4 8. cxd4 a5 9. a4 Bb4 10. Kf2 f6 11. Nb3 0-0 12. Bd3 fxe5 13. fxe5 Ndxe5 14. dxe5 Nxe5 15. Rf1 Nxd3+ 16. Qxd3 e5 17. Rd1 e4 18. Qxd5+ Qxd5 19. Rxd5 exf3 20. gxf3 Be6 21. Rd3 Bc4 22. Re3 Rad8 0-1

[Event "RUS-ch"]
[Site "Elista"]
[Date "1996.??.??"]
[Round "9"]
[White "Namgilov, Sogto"]
[Black "Skvortsov, Alexandr L"]
[Result "1/2-1/2"]
[WhiteElo "2495"]
[BlackElo "2350"]
[PlyCount "88"]
[EventDate "1996.10.15"]
[EventType "swiss"]
[EventRounds "11"]
[EventCountry "RUS"]
[SourceTitle "CBM 056"]
[Source "ChessBase"]
[SourceDate "1997.02.01"]
[SourceVersion "1"]
[SourceVersionDate "1997.02.01"]
[SourceQuality "1"]

1. Nf3 Nf6 2. c4 c5 3. Nc3 e6 4. g3 b6 5. Bg2 Bb7 6. 0-0 Be7 7. Re1 d5 8. cxd5 exd5 9. d4 0-0 10. dxc5 bxc5 11. Qb3 Qb6 12. Ne5 Rd8 13. Bg5 Na6 14. Nc4 dxc4 15. Qxb6 axb6 16. Bxb7 Ra7 17. Bg2 Nc7 18. Red1 Rxd1+ 19. Rxd1 b5 20. a4 bxa4 21. Ra1 Ne6 22. Bf4 Nxf4 23. gxf4 Nd7 24. Rxa4 Rxa4 25. Nxa4 Bd8 26. Bd5 Nb6 27. Nxb6 Bxb6 28. Bxc4 Bc7 29. e3 h6 30. h4 Bd8 31. h5 Bf6 32. b3 Bh4 33. Kf1 Kf8 34. e4 Bd8 35. Ke2 Bc7 36. Kf3 Ke7 37. Kg4 Ba5 38. Kf5 Bc3 39. e5 Bd4 40. f3 Be3 41. Ke4 Bc1 42. f5 f6 43. f4 Bd2 44. Bd3 Bc1 1/2-1/2

[Event "RUS-ch sf"]
[Site "Arkhangelsk"]
[Date "1996.??.??"]
[Round "?"]
[White "Skvortsov, Alexandr L"]
[Black "Loskutov, Oleg"]
[Result "1-0"]
[WhiteElo "2335"]
[BlackElo "2440"]
[PlyCount "75"]
[EventDate "1996.??.??"]
[EventType "swiss"]
[EventRounds "9"]
[EventCountry "RUS"]
[SourceTitle "EXT 2000"]
[Source "ChessBase"]
[SourceDate "1999.11.16"]
[SourceVersion "1"]
[SourceVersionDate "1999.11.16"]
[SourceQuality "1"]

1. e4 c5 2. Nf3 d6 3. Bb5+ Bd7 4. Bxd7+ Nxd7 5. 0-0 Ngf6 6. Re1 e6 7. b3 Be7 8. Bb2 0-0 9. d4 cxd4 10. Nxd4 Nc5 11. Nd2 a6 12. a4 Rc8 13. Re3 d5 14. e5 Nfe4 15. Nf1 f6 16. exf6 Bxf6 17. f3 Nd6 18. Re1 Qb6 19. a5 Qa7 20. Kh1 e5 21. Ne2 d4 22. Neg3 b5 23. axb6 Qxb6 24. Nd2 Rf7 25. Ra2 Rb7 26. Ba3 d3 27. Bxc5 Rxc5 28. cxd3 Bh4 29. b4 Qxb4 30. Ra4 Rc1 31. Qxc1 Qxa4 32. Nde4 Bxg3 33. Nxd6 Qd7 34. Qc4+ Kf8 35. hxg3 Rc7 36. Qxa6 Rc6 37. Qa8+ Ke7 38. Nf5+ 1-0

[Event "RUS-ch"]
[Site "Elista"]
[Date "1996.??.??"]
[Round "7"]
[White "Skvortsov, Alexandr L"]
[Black "Nevostrujev, Vladimir"]
[Result "1/2-1/2"]
[WhiteElo "2350"]
[BlackElo "2405"]
[PlyCount "160"]
[EventDate "1996.10.15"]
[EventType "swiss"]
[EventRounds "11"]
[EventCountry "RUS"]
[SourceTitle "CBM 056"]
[Source "ChessBase"]
[SourceDate "1997.02.01"]
[SourceVersion "1"]
[SourceVersionDate "1997.02.01"]
[SourceQuality "1"]

1. e4 c5 2. Nf3 d6 3. Bb5+ Bd7 4. Bxd7+ Qxd7 5. 0-0 Nf6 6. Re1 Nc6 7. c4 Ne5 8. d3 g6 9. b3 Bg7 10. Bb2 0-0 11. d4 Nxf3+ 12. Qxf3 Ne8 13. Rd1 Nc7 14. Bc3 cxd4 15. Bxd4 Bxd4 16. Rxd4 b5 17. Na3 Qc6 18. cxb5 Nxb5 19. Rc4 Qb6 20. Nxb5 Qxb5 21. Qc3 a5 22. Qc2 Qe5 23. Rc1 d5 24. exd5 Qxd5 25. Rc5 Qd4 26. Qe2 Qf6 27. Rc7 e6 28. Qe4 Rad8 29. Qe1 Rd5 30. g3 Rfd8 31. Rc8 Rxc8 32. Rxc8+ Kg7 33. Qc3 Qxc3 34. Rxc3 g5 35. h3 h5 36. Rc7 Kg6 37. Rb7 f6 38. Kg2 e5 39. a3 e4 40. b4 Rd3 41. Ra7 axb4 42. axb4 Rb3 43. Rb7 Rb2 44. Kg1 Rb1+ 45. Kg2 Rb3 46. b5 Rb2 47. Kg1 Kf5 48. Rb6 Rb1+ 49. Kg2 Rb3 50. Rb8 Rb2 51. Kg1 e3 52. fxe3 Ke4 53. Rh8 Kf3 54. Rxh5 Rb1+ 55. Kh2 Rb2+ 56. Kg1 Kxg3 57. Kf1 Kf3 58. Kg1 Rb1+ 59. Kh2 Rxb5 60. Rh6 Rb2+ 61. Kg1 Rb6 62. Kh2 Ra6 63. Rg6 Kxe3 64. h4 gxh4 65. Kh3 Kf3 66. Rh6 Ke3 67. Rg6 Re6 68. Rh6 Rb6 69. Rg6 Ke4 70. Kxh4 Kf5 71. Rh6 Rb3 72. Rh5+ Kf4 73. Ra5 Re3 74. Ra4+ Re4 75. Ra1 f5 76. Ra3 Re8 77. Ra4+ Re4 78. Ra3 Rd4 79. Rb3 Rd2 80. Rb7 Ke5 1/2-1/2

[Event "RUS-ch"]
[Site "Elista"]
[Date "1996.??.??"]
[Round "1"]
[White "Skvortsov, Alexandr L"]
[Black "Sorokin, Maxim"]
[Result "1/2-1/2"]
[WhiteElo "2350"]
[BlackElo "2550"]
[PlyCount "70"]
[EventDate "1996.10.15"]
[EventType "swiss"]
[EventRounds "11"]
[EventCountry "RUS"]
[SourceTitle "CBM 056"]
[Source "ChessBase"]
[SourceDate "1997.02.01"]
[SourceVersion "1"]
[SourceVersionDate "1997.02.01"]
[SourceQuality "1"]

1. e4 e5 2. Nf3 Nc6 3. Bb5 a6 4. Bxc6 dxc6 5. d4 exd4 6. Qxd4 Qxd4 7. Nxd4 Bd7 8. Be3 0-0-0 9. Nd2 Re8 10. 0-0-0 Ne7 11. Rhe1 Ng6 12. N4f3 c5 13. h3 Bc6 14. Bg5 f6 15. Bh4 Bd6 16. Bg3 Re6 17. Bxd6 cxd6 18. Nc4 Kc7 19. Nfd2 Rhe8 20. f3 d5 21. Na5 dxe4 22. Nxc6 exf3 23. Rxe6 Rxe6 24. Nd4 cxd4 25. Nxf3 Nf4 26. Nxd4 Ne2+ 27. Nxe2 Rxe2 28. g3 h5 29. h4 Re3 30. Rg1 Re4 31. Rf1 Re3 32. Rg1 f5 33. Kd2 Re4 34. Rf1 g6 35. Rf4 Re5 1/2-1/2

[Event "RUS-ch"]
[Site "Elista"]
[Date "1996.??.??"]
[Round "4"]
[White "Skvortsov, Alexandr L"]
[Black "Tiviakov, Sergei"]
[Result "1/2-1/2"]
[WhiteElo "2350"]
[BlackElo "2615"]
[PlyCount "38"]
[EventDate "1996.10.15"]
[EventType "swiss"]
[EventRounds "11"]
[EventCountry "RUS"]
[SourceTitle "CBM 056"]
[Source "ChessBase"]
[SourceDate "1997.02.01"]
[SourceVersion "1"]
[SourceVersionDate "1997.02.01"]
[SourceQuality "1"]

1. e4 c5 2. Nf3 d6 3. Bb5+ Nc6 4. 0-0 Bd7 5. Re1 a6 6. Bf1 g6 7. c3 Bg7 8. h3 e5 9. Na3 Nge7 10. Nc4 Be6 11. a4 0-0 12. d3 h6 13. Bd2 b5 14. axb5 axb5 15. Na3 Rb8 16. d4 b4 17. Nb5 bxc3 18. bxc3 exd4 19. cxd4 cxd4 1/2-1/2

[Event "RUS-ch"]
[Site "Elista"]
[Date "1996.??.??"]
[Round "10"]
[White "Skvortsov, Alexandr L"]
[Black "Vokarev, Sergey"]
[Result "0-1"]
[WhiteElo "2350"]
[BlackElo "2310"]
[PlyCount "82"]
[EventDate "1996.10.15"]
[EventType "swiss"]
[EventRounds "11"]
[EventCountry "RUS"]
[SourceTitle "CBM 056"]
[Source "ChessBase"]
[SourceDate "1997.02.01"]
[SourceVersion "1"]
[SourceVersionDate "1997.02.01"]
[SourceQuality "1"]

1. e4 c5 2. Nf3 Nc6 3. Bb5 g6 4. 0-0 Bg7 5. c3 Nf6 6. Re1 0-0 7. h3 e5 8. a4 Re8 9. d3 a6 10. Bc4 d6 11. Na3 Qc7 12. Bd2 Be6 13. Ng5 Bxc4 14. dxc4 h6 15. Nf3 Kh7 16. Nh2 Ng8 17. Nf1 Nce7 18. Ne3 Rf8 19. Qb3 f5 20. f3 fxe4 21. fxe4 Bf6 22. Nd5 Nxd5 23. cxd5 Bh4 24. Re2 Nf6 25. Be1 Bxe1 26. Raxe1 Nh5 27. Nc4 Rf6 28. Rf2 Rxf2 29. Kxf2 Rf8+ 30. Kg1 Qe7 31. Qc2 b5 32. axb5 axb5 33. Nd2 Qg5 34. Nf1 Nf4 35. Kh2 c4 36. Qf2 Kg7 37. Ra1 Nd3 38. Ra7+ Kg8 39. Qe2 Rf2 40. Ra8+ Kf7 41. Ra7+ Ke8 0-1

[Event "RUS-ch"]
[Site "Elista"]
[Date "1996.??.??"]
[Round "5"]
[White "Volzhin, Alexander"]
[Black "Skvortsov, Alexandr L"]
[Result "1-0"]
[WhiteElo "2485"]
[BlackElo "2350"]
[PlyCount "109"]
[EventDate "1996.10.15"]
[EventType "swiss"]
[EventRounds "11"]
[EventCountry "RUS"]
[SourceTitle "CBM 056"]
[Source "ChessBase"]
[SourceDate "1997.02.01"]
[SourceVersion "1"]
[SourceVersionDate "1997.02.01"]
[SourceQuality "1"]

1. d4 Nf6 2. c4 e6 3. Nc3 Bb4 4. e3 0-0 5. Bd3 c5 6. Nf3 d5 7. 0-0 Nc6 8. a3 Bxc3 9. bxc3 dxc4 10. Bxc4 Qc7 11. Ba2 e5 12. h3 e4 13. Nh2 Bf5 14. Ng4 Nxg4 15. hxg4 Bg6 16. a4 Rfd8 17. Ba3 b6 18. Qe2 Rd7 19. Bc4 h6 20. Rad1 Rad8 21. Bb5 Rd6 22. dxc5 Rxd1 23. Rxd1 Ne5 24. Rd4 Nd3 25. c6 Ne5 26. Qd1 Nxc6 27. Rd6 Rxd6 28. Qxd6 Qxd6 29. Bxd6 Nd8 30. Bb8 Nb7 31. Bxa7 Nd6 32. Ba6 f6 33. Bxb6 Bf7 34. a5 Bd5 35. Bc5 Nc4 36. Bb4 Kf7 37. Bc8 Ke8 38. a6 Kd8 39. Bf5 Ne5 40. Ba5+ Ke7 41. Bc7 Nd7 42. f3 Nc5 43. a7 exf3 44. gxf3 Ne6 45. Bb6 Ng5 46. Kf2 Kd6 47. e4 Bb7 48. Ke3 Kc6 49. Bd4 Kd6 50. e5+ fxe5 51. Bxe5+ Kxe5 52. f4+ Kf6 53. fxg5+ Ke5 54. gxh6 gxh6 55. Bd3 1-0